Molière Plays Quiz Stats

 Plays Quiz not verified by Sporcle

Also try: Authors' Initials
Challenge
Share
Tweet
Embed
Score 0/33 Timer 10:00
0 Plays Today
Year Title % Correct
1664Tartuffe ou l'Imposteur
97.7%
1673Le Malade imaginaire
95.5%
1662L'École des femmes
93.2%
1668L'Avare ou l'École du mensonge
88.6%
1665Dom Juan ou le Festin de pierre
81.8%
1666Le Misanthrope ou l'Atrabilaire amoureux
81.8%
1659Les Précieuses ridicules
79.5%
1666Le Médecin malgré lui
79.5%
1670Le Bourgeois gentilhomme
77.3%
1671Les Fourberies de Scapin
77.3%
1661L'École des maris
75%
1672Les Femmes savantes
75%
1663La Critique de l'école des femmes
70.5%
UnknownLe Médecin volant
65.9%
1668George Dandin ou le Mari confondu
65.9%
1671Psyché
65.9%
1663L'Impromptu de Versailles
59.1%
Year Title % Correct
1670Les Amants magnifiques
52.3%
1660Sganarelle ou le Cocu imaginaire
50%
1668Amphitryon
50%
1666Mélicerte
45.5%
1669Monsieur de Pourceaugnac
45.5%
1661Dom Garcie de Navarre ou le Prince jaloux
40.9%
1655L'Étourdi ou les Contretemps
38.6%
1665L'Amour médecin
36.4%
UnknownLa Jalousie du barbouillé
34.1%
1667Pastorale comique
34.1%
1656Le Dépit amoureux
31.8%
1671La Comtesse d'Escarbagnas
31.8%
1661Les Fâcheux
22.7%
1664La Princesse d'Élide
22.7%
1667Le Sicilien ou l'Amour peintre
20.5%
1664Le Mariage forcé
15.9%

You're not logged in!

Compare scores with friends on all Sporcle quizzes.
Join for Free
OR
Log In

You Might Also Like...

Show Comments

Extras

Top Quizzes Today


Score Distribution

Your Account Isn't Verified!

In order to create a playlist on Sporcle, you need to verify the email address you used during registration. Go to your Sporcle Settings to finish the process.

Report this User

Report this user for behavior that violates our Community Guidelines.

Details: